书目信息 |
| 题名: |
绝境的地图
|
|
| 作者: | 强荧 著 | |
| 分册: | ||
| 出版信息: | 北京 经济日报出版社 1999 |
|
| 页数: | 323页 | |
| 开本: | 20cm | |
| 丛书名: | ||
| 单 册: | ||
| 中图分类: | I25 , N82 | |
| 科图分类: | ||
| 主题词: | 报告文学--中国--现代--选集 , 自然科学--调查 , 自然科学--考察 | |
| 电子资源: | ||
| ISBN: | 7-80127-609-4 | |
| 000 | 00713nam0 2200253 450 | |
| 001 | 1532762683 | |
| 005 | 20150118090657.54 | |
| 010 | @a7-80127-609-4@dCNY22.80 | |
| 100 | @a20021005d1999 em y0chiy0110 ea | |
| 101 | 0 | @achi |
| 102 | @aCN@b110000 | |
| 105 | @af z 000zy | |
| 200 | 1 | @a绝境的地图@9jue jing de di tu@e一个人的死亡之旅@f强荧著 |
| 210 | @a北京@c经济日报出版社@d1999 | |
| 215 | @a323页@c照片@d20cm | |
| 510 | 1 | @aGround of despration@eLive beyond death@zeng |
| 606 | 0 | @a报告文学@y中国@z现代@x选集 |
| 606 | 0 | @a自然科学@x调查 |
| 606 | 0 | @a自然科学@x考察 |
| 690 | @aI25@v5 | |
| 690 | @aN82@v4 | |
| 701 | 0 | @a强荧@9qiang ying@4著 |
| 801 | 0 | @aCN@bTSSF@c20150118 |
| 905 | @aZUCC@dN82@eJY1 | |
| 绝境的地图:一个人的死亡之旅/强荧著.-北京:经济日报出版社,1999 |
| 323页:照片;20cm |
| ISBN 7-80127-609-4:CNY22.80 |
| ● |
| 相关链接 |
|
|
|
|
正题名:绝境的地图
索取号:N82/JY1
 
预约/预借
| 序号 | 登录号 | 条形码 | 馆藏地/架位号 | 状态 | 备注 |
| 1 | 7853388 | 278533883 | 学院路分馆/ [索取号:N82/JY1] | 在馆 | |
| 2 | 7853389 | 278533892 | 学院路分馆/ [索取号:N82/JY1] | 在馆 | |
| 3 | 7853390 | 278533909 | 学院路分馆/ [索取号:N82/JY1] | 在馆 | |
| 4 | 7853391 | 278533918 | 学院路分馆/ [索取号:N82/JY1] | 在馆 |